الرواد النفسيون : (Record no. 247345)

MARC details
000 -الفاتح
عناصر البيانات ثابتة الطول 00911nam a22002657i 4500
005 - تاريخ ووقت آخر معاملة
حقل ضبط 20251124123451.0
008 - عناصر البيانات ثابتة الطول
عناصر البيانات ثابتة الطول 250906s2024 iq ||||gr|||| 00| 0 ara d
020 ## - الترقيم الدولي المعياري للكتب (ردمك)
الترقيم الدولي المعياري للكتب (ردمك) 9789922721033
040 ## - مصدر الفهرسة
هيئة الفهرسة الأصلية JO-AmGAM
قواعد الوصف rda
041 1# - كود اللغة
كود اللغة لنص/مسار صوت أو عنوان منفصل ara
كود اللغة للأصل eng
082 14 - رقم تصنيف ديوي العشري
رقم التصنيف 158.7
رقم المادة ج ا ي
100 1# - مدخل رئيسي – اسم شخصي
الاسم الشخصي جاي، مايك
علاقة الشخص بالعمل/ دوره مؤلف.
245 12 - بيان العنوان
العنوان الرواد النفسيون :
بقية العنوان المواد المخدرة وتشكيل العقل الحديث /
بيان المسؤولية مايك جاي ؛ ترجمة بندر الحربي.
250 ## - بيان الطبعة
بيان الطبعة الطبعة الأولى.
264 31 - بيانات النشر، التوزيع…إلخ
مكان النشر، التوزيع...إلخ بغداد :
اسم الناشر، الموزع...إلخ الرافدين،
تاريخ النشر، التوزيع...إلخ 2024.
300 ## - الوصف المادي
عدد الوحدات المكونة للوعاء 472 صفحة.
336 ## - نوع المحتوى
المصدر rdacontent
مصطلح نوع المحتوى نص
كود نوع المحتوى txt
337 ## - نوع الوسيط
المصدر rdamedia
مصطلح نوع الوسيط دون وسيط عرض
كود نوع الوسيط n
338 ## - نوع الحامل
المصدر rdacarrier
مصطلح نوع الحامل مجلد
كود نوع الحامل nc
650 17 - مدخل إضافي بالموضوع - مصطلح موضوعي
مصطلح موضوعي أو اسم جغرافي كعنصر مدخل علم النفس.
650 17 - مدخل إضافي بالموضوع - مصطلح موضوعي
مصطلح موضوعي أو اسم جغرافي كعنصر مدخل المخدرات.
700 1# - مدخل إضافي - اسم شخصي
الاسم الشخصي الحربي، بندر
علاقة الشخص بالعمل/ دوره مترجم.
942 ## - بيانات إضافية (كوها)
نوع التنصيف Dewey Decimal Classification
نوع المادة (كوها) Books
Holdings
حالة السحب حالة الفقدان مصدر التصنيف حالة التلف غير قابل للإعارة المكتبة الرئيسية المكتبة الحالية موقع الرف تاريخ التزويد مصدر التزويد العملة التكلفة، سعر الشراء العادي الرقم المتسلسل Total Checkouts رقم الإستدعاء الباركود تاريخ آخر ظهور التكلفة وسعر الاستبدال تاريخ الفاتورة نوع المادة (كوها)
    Dewey Decimal Classification     المكتبة المركزية المكتبة المركزية الإعارة 23/11/2025 25 JOD 7.35 1798748   158.7 / ج ا ي PLD00928439 23/11/2025 10.50 23/11/2025 Books
Implemented & Customized by: BBB with SCIT (Smart Chains for Information Technology)

Powered by Koha